| 000 | 02028 a2200385 4500 | ||
|---|---|---|---|
| 001 | 21507353 | ||
| 003 | 00000 | ||
| 005 | 20260312112946.0 | ||
| 008 | 200417s2020 njua b 001 0 eng | ||
| 010 | _a 2020017960 | ||
| 020 | _a9781119576488 | ||
| 035 | _a21507353 | ||
| 040 |
_aDNLM/DLC _beng _erda _cDLC _dDLC |
||
| 042 | _apcc | ||
| 050 | 0 | 0 | _aQP 34.5 .F86 |
| 082 | 0 | 0 |
_a612 _223 |
| 100 | _aEdited by Ian Peate | ||
| 245 | 0 | 0 |
_aFundamentals of anatomy and physiology for nursing and healthcare students / _cedited by Ian Peate, Suzanne Evans. |
| 250 | _a3rd. ed. | ||
| 264 | 1 |
_aHoboken, NJ : _bWiley-Blackwell, _c2020. |
|
| 300 |
_axii, 545 pages : _billustrations (some color) ; _c26 cm |
||
| 336 |
_atext _btxt _2rdacontent |
||
| 337 |
_aunmediated _bn _2rdamedia |
||
| 338 |
_avolume _bnc _2rdacarrier |
||
| 504 | _aIncludes bibliographical references and index. | ||
| 520 |
_a"The third edition of Fundamentals of Anatomy and Physiology is a concise yet comprehensive introduction to the structure and function of the human body. Written with the needs of nursing and healthcare students in mind, this bestselling textbook incorporates clinical examples and scenarios throughout to illustrate how the topics covered are applied in daily practice. Hundreds of full-colour illustrations complement numerous case studies encompassing all fields of nursing practice, alongside learning outcomes, self-assessment tests, chapter summaries, and other effective learning tools"-- _cProvided by publisher. |
||
| 650 | 1 | 2 | _aAnatomy |
| 650 | 2 | 2 | _aPhysiological Phenomena |
| 700 | 1 |
_aPeate, Ian, _eeditor. |
|
| 700 | 1 |
_aEvans, Suzanne, _eeditor. |
|
| 776 | 0 | 8 |
_iOnline version: _tFundamentals of anatomy and physiology for nursing and healthcare students _bThird edition. _dHoboken, NJ : Wiley-Blackwell, 2020. _z9781119576495 _w(DLC) 2020017961 |
| 906 |
_a7 _bcbc _corignew _d1 _eecip _f20 _gy-gencatlg |
||
| 942 |
_2lcc _cBK |
||
| 999 |
_c44114 _d44114 |
||